| Registos Bibliográficos associados ao registo de autoridade |
|
Etiqueta de registo: 00254nam 2200025 450 001 2279467 003 http://id.bnportugal.gov.pt/bib/catbnp/2279467 100 ## $a20260312d2025 k y0pory01030103ba 101 0# $apor$deng 102 ## $aPT 105 ## $aa m 000yy 106 ## $ar 200 1# $aPalavras confundíveis na aprendizagem de chinês LE por falantes de português$e o caso da Universidade de Aveiro$fRuirui Sun$gorient. Rosa Lídia Torres do Couto Coimbra Silva, Ran Mai 210 #9 $aAveiro$c[s.n.], $d2025 215 ## $a[26], 259 p.$d30 cm 328 #1 $aTese dout. Ciências da Linguagem, Universidade de Aveiro, 2025 675 ## $a811.581'243(043)$vBN$zpor$31747939 700 #1 $aRuirui,$bSun$31990886 702 #1 $aSilva,$bRosa Lídia Torres do Couto Coimbra e,$f1963-$4727$3520059 702 #1 $aMai,$bRan$4727$31523248 801 #0 $aPT$bBN$gRPC 966 ## $lBN$mFGMON$sL. 181297 V.$x1 971 ## $cisantos$d20260312 972 ## $e0$z0$d20260413$vlrevez 973 ## $cigoulao$d20260408
|
|
|